00538nam a22002057a 4500003000500000005001700005008004100022010001000063011001000073035001000083040000900093082001600102100002200118245005100140260004200191300001100233490003000244650002800274830003000302CHAP20220329141132.0971010s1971 r 00010 d a63174 a64146 a69390 cCHAP a516.57bA9Y00aAyres, Frank, Jr. aTeoría y problemas de geometría proyectiva aMéxico, D. F. :bMcGraw-Hill,c1971 a243 p. aSerie de compendios Shaum14aGeometría proyectiva.0 aSerie de compendios Shaum